000 00788 a2200193 4500
999 _c3269
_d3269
020 _a0133552152
050 0 0 _aPN45 BEN 1995
100 1 _aBennett, Andrew,
_d1960 December 2-
_eauthor
245 1 3 _aAn introduction to literature, criticism, and theory :
_bkey critical concepts /
_cAndrew Bennett and Nicholas Royle.
264 _aLondon
_bPrentice Hall
_c1995
300 _aix, 238 p. ;
500 _aIncludes index
504 _aIncludes bibliographical references (p. 212-229)
650 0 _aLiterature
_xHistory and criticism
_xTheory, etc.
650 0 _aCriticism.
700 1 _aRoyle, Nicholas,
_d1957-
_eauthor
942 _2lcc
_cBK
_h45
_iBEN
_kpn